zpět

Detail výsledku týmu

Prostor, Boskovice

Datum a čas kvízu

28 Celkem bodů Celkový počet nahraných bodů na tomto kvízu bez doplňovacích otázek.
4. Pořadí na kvízu Konečné umístění týmu na tomto kvízu.

Zaznamenané odpovědi

# Otázka Odpověď Body Výsledky
1. Na půdě Poslanecké sněmovny se... obrázek Milady Horákové 0
2. Ruské úřady zrušily po dvou le... Telegram 1
3. V sobotu se konalo odložené vy... Jiří Černý 1
4. České dráhy minulý týden vylep... Můj vlak 0
5. Minulý týden skončily spekulac... Chelsea 1
6. Napište dvě řecké předpony pou... mega, mikro 0
7. První záchytný bod v původní č... 320 000 Kč 0
8. Uveďte právní formu Milionu ch... B 0
9. V žebříčku deseti měst USA s v... Kalifornie a Texas 1
10. Slunce je od Země vzdáleno zhr... 8 minut 0